| 000 | 02101nam a22003615i 4500 | ||
|---|---|---|---|
| 001 | 165800 | ||
| 003 | ES-MaACL | ||
| 005 | 20250728063135.0 | ||
| 008 | 950206s1748 be a |||| | spa d | ||
| 040 | _cES-MaACL | ||
| 080 | _a94(492)"1556/1648" | ||
| 100 | 1 |
_aStrada, Famiano, _d1572-1649 _eaut _9132919 |
|
| 245 | 1 | 0 |
_aGuerras de Flandes : _bprimera decada, desde la muerte del Emperador Carlos V hasta el principio del govierno de Alexandro Farnese. _nTomo I, part. I / _cescriviólas en latin el R.P. Famiano Estrada de la Compañia de Jesus y las traduxó en romance el R.F. Melchor de Novar, de la misma Compañía ; |
| 246 | 1 |
_aGuerras de Flandes : _bprimera década, desde la muerte del emperador Carlos V hasta el principio del gobierno de Alexandro Farnese |
|
| 250 | _aNueva edicion, enriquecida de lindissimas estampas, en la qual se enmendaron essenciales erratas | ||
| 260 |
_aEn Amberes : _bpor Marcos-Miguel Bousquet y compañia, _c1748 |
||
| 300 |
_a[2], XXVIII, 514 páginas, [4] hojas de láminas ; _c12º |
||
| 530 | _aDisponible en formato digital | ||
| 597 | _aSign.: [ ]1, [cruz]11, 2[cruz]4, A-X12, Y5. | ||
| 597 | _aPort. a dos tintas | ||
| 599 | _aFront. calc.: "Delamonce in et del Ioubert sc. Lugd." | ||
| 599 | _aLáminas: grab. calc.: p. 1, retrato de Carlos V; p. 130, retrato de Antonio Perenot; ambas: "en casa de Bousquet" y retratos de Margarita de Austria y Guillermo I | ||
| 600 | 1 | 4 |
_aAlejandro Farnesio, _cDuque de Parma _9155121 |
| 651 | 0 |
_aPaíses Bajos- _xHistoria- _y1556-1648 (Guerras de la Independencia) _9241409 |
|
| 700 | 1 |
_aNovar, Melchor de _c(S.I.), _d1629-1707 _etrl _9130535 |
|
| 700 | 1 |
_aBousquet, Marc-Michel, _d1696-1762 _eprm _9241407 |
|
| 700 | 1 |
_aDelamonce, Ferdinand, _d1678-1753 _edrm _9241408 |
|
| 852 | 4 |
_aES-MaACL _dOlim: G-13943-49 _hDonat. Biblioteca de Palacio _jR-1494 _xPiel |
|
| 856 | 4 |
_uhttps://hdl.handle.net/11441/120726 _yVersión en línea _z(idUS: Depósito de Investigación Universidad de Sevilla) |
|
| 942 |
_2udc _cMONANT _n0 |
||
| 999 |
_c165800 _d165800 |
||